Score 0/16 Timer 03:00
0 Plays Today
Hint Answer % Correct
Maya RudolphFirst
95.5%
Will FerrellBlades
86.6%
Will FerrellLegend
83.5%
Tina FeyMean
83.3%
Will FerrellBrothers
78.7%
Jason SudeikisHorrible
77.6%
Maya RudolphGrown
77%
Tina FeyDate
68.7%
Hint Answer % Correct
Jason SudeikisDistance
68.7%
Jason SudeikisHall
66.3%
Tina FeyMama
65.2%
Will FerrellOther
61.7%
Jason SudeikisMillers
60%
Maya RudolphWay
46.3%
Tina FeyInvention
35%
Maya RudolphFriends
21.1%

Today's Daily Dose

Remove Ads.
Support Sporcle.
Get the best of Sporcle when you Go Orange. This ad-free experience offers more features, more stats, and more fun while also helping to support Sporcle. Thank you for becoming a member.

You're not logged in!

Compare scores with friends on all Sporcle quizzes.
OR
Log In

Show Comments

Extras

Top Quizzes Today


Score Distribution

Your Account Isn't Verified!

In order to create a playlist on Sporcle, you need to verify the email address you used during registration. Go to your Sporcle Settings to finish the process.

Report this User

Report this user for behavior that violates our Community Guidelines.

Details: